000 00406nam a22001697a 4500
005 20160611095443.0
008 160611b xxu||||| |||| 00| 0 eng d
020 _a978-007-014661-7
041 _aeng
082 _b6778
100 _aSethi, Anjanee Akhikari, Bhavana
_91679
245 _aBusiness Communication
260 _aNew Delhi
_bTMH
300 _a287
650 _aManagement
_9241
942 _cBK
999 _c2366
_d2365